Eastern Utah Libraries Catalog: Duchesne, Heber, Roosevelt, & Vernal

The tempest (Record no. 276796)

MARC details
000 -LEADER
fixed length control field 02738ngm a2200601Ia 4500
001 - CONTROL NUMBER
control field ocn699833012
003 - CONTROL NUMBER IDENTIFIER
control field OCoLC
005 - DATE AND TIME OF LATEST TRANSACTION
control field 20200320185647.0
007 - PHYSICAL DESCRIPTION FIXED FIELD--GENERAL INFORMATION
fixed length control field vd cvaizq
008 - FIXED-LENGTH DATA ELEMENTS--GENERAL INFORMATION
fixed length control field 110201p20112010cau110 e vleng d
020 ## - INTERNATIONAL STANDARD BOOK NUMBER
Terms of availability 15.95
024 1# - OTHER STANDARD IDENTIFIER
Standard number or code 786936811698
028 42 - PUBLISHER NUMBER
Publisher number 106588
Source Touchstone Home Entertainment
029 1# - (OCLC)
OCLC library identifier NZ1
System control number 14023768
035 ## - SYSTEM CONTROL NUMBER
System control number (OCoLC)699833012
037 ## - SOURCE OF ACQUISITION
Source of stock number/acquisition Midwest Tape
Note http://www.midwesttapes.com
040 ## - CATALOGING SOURCE
Original cataloging agency TEFMT
Transcribing agency TEFMT
Modifying agency TEF
-- KYB
-- OCLCA
-- TEFMT
-- IEP
-- WIQ
-- WACOL
041 1# - LANGUAGE CODE
Language code of text/sound track or separate title eng
-- spa
-- eng
-- spa
Language code of original and/or intermediate translations of text eng
049 ## - LOCAL HOLDINGS (OCLC)
Holding library WACL
050 #4 - LIBRARY OF CONGRESS CALL NUMBER
Classification number PN1997.2
Item number .T46 2011
082 04 - DEWEY DECIMAL CLASSIFICATION NUMBER
Classification number 791.43/72
Edition number 22
092 ## - LOCALLY ASSIGNED DEWEY CALL NUMBER (OCLC)
Classification number DVD
Item number Tem
245 04 - TITLE STATEMENT
Title The tempest
Medium [videorecording] /
Statement of responsibility, etc [written and directed by Julie Taymor].
260 ## - PUBLICATION, DISTRIBUTION, ETC. (IMPRINT)
Place of publication, distribution, etc [United States] :
Name of publisher, distributor, etc Touchstone Home Entertainment,
Date of publication, distribution, etc 2011.
300 ## - PHYSICAL DESCRIPTION
Extent 1 videodisc (110 min.) :
Other physical details sd., col. ;
Dimensions 4 3/4 in.
538 ## - SYSTEM DETAILS NOTE
System details note DVD; region 1; widescreen (2.39:1) presentation; Dolby Digital 5.1; NTSC.
546 ## - LANGUAGE NOTE
Language note English or dubbed Spanish dialogue with optional Spanish subtitles; subtitles for the deaf and hard of hearing (SDH).
511 1# - PARTICIPANT OR PERFORMER NOTE
Participant or performer note Chris Cooper, Djimon Hounsou, Helen Mirren, Russell Brand, Alan Cumming, Alfred Molina.
508 ## - CREATION/PRODUCTION CREDITS NOTE
Creation/production credits note Cinematography, Stuart Dryburgh ; editor, Françoise Bonnot ; music, Elliot Goldenthal.
500 ## - GENERAL NOTE
General note Previously released as a motion picture in 2011.
521 8# - TARGET AUDIENCE NOTE
Target audience note Rating: PG-13; for some nudity, suggestive content and scary images.
520 ## - SUMMARY, ETC.
Summary, etc This modern retelling of William Shakespeare's final masterpiece is an exciting, mystical, and magical fantasy. Exiled to a magical island, the sorceress Prospera conjures up a storm that shipwrecks her enemies, and then unleashes her powers for revenge.
600 10 - SUBJECT ADDED ENTRY--PERSONAL NAME
Personal name Shakespeare, William,
Dates associated with a name 1564-1616.
Title of a work Tempest.
9 (RLIN) 12170
650 #0 - SUBJECT ADDED ENTRY--TOPICAL TERM
Topical term or geographic name as entry element Fathers and daughters
Form subdivision Drama.
9 (RLIN) 5690624
650 #0 - SUBJECT ADDED ENTRY--TOPICAL TERM
Topical term or geographic name as entry element Political refugees
Form subdivision Drama.
9 (RLIN) 5868581
650 #0 - SUBJECT ADDED ENTRY--TOPICAL TERM
Topical term or geographic name as entry element Shipwreck victims
Form subdivision Drama.
9 (RLIN) 5868582
650 #0 - SUBJECT ADDED ENTRY--TOPICAL TERM
Topical term or geographic name as entry element Magicians
Form subdivision Drama.
9 (RLIN) 5868583
655 #7 - INDEX TERM--GENRE/FORM
Genre/form data or focus term Film adaptations.
Source of term lcgft
9 (RLIN) 5868584
655 #0 - INDEX TERM--GENRE/FORM
Genre/form data or focus term Video recordings for the hearing impaired.
9 (RLIN) 5868585
655 #7 - INDEX TERM--GENRE/FORM
Genre/form data or focus term Feature films.
Source of term gsafd
9 (RLIN) 5868586
700 1# - ADDED ENTRY--PERSONAL NAME
Personal name Taymor, Julie,
Dates associated with a name 1952-
9 (RLIN) 42125
700 1# - ADDED ENTRY--PERSONAL NAME
Personal name Cooper, Chris,
Dates associated with a name 1951-
9 (RLIN) 62667
700 1# - ADDED ENTRY--PERSONAL NAME
Personal name Hounsou, Djimon,
Dates associated with a name 1964-
9 (RLIN) 76750
700 1# - ADDED ENTRY--PERSONAL NAME
Personal name Mirren, Helen.
9 (RLIN) 29939
700 1# - ADDED ENTRY--PERSONAL NAME
Personal name Brand, Russell,
Dates associated with a name 1975-
9 (RLIN) 5846856
700 1# - ADDED ENTRY--PERSONAL NAME
Personal name Cumming, Alan,
Dates associated with a name 1965-
9 (RLIN) 63399
700 1# - ADDED ENTRY--PERSONAL NAME
Personal name Molina, Alfred,
Dates associated with a name 1953-
9 (RLIN) 38362
710 2# - ADDED ENTRY--CORPORATE NAME
Corporate name or jurisdiction name as entry element Touchstone Home Entertainment (Firm)
9 (RLIN) 69333
942 ## - ADDED ENTRY ELEMENTS (KOHA)
Koha item type DVD
948 ## - LOCAL PROCESSING INFORMATION (OCLC); SERIES PART DESIGNATOR (RLIN)
Series part designator, SPT (RLIN) 12/30/2011
z (OCLC) Sirsi
994 ## -
-- 02
-- WACOL
996 ## -
-- 87894
-- 34301001059122
-- DVD
-- DVD
-- wcl
-- i
-- 38
-- 29.99
-- micro
-- Tem
-- 01/25/2012
-- 08/13/2019
-- 08/05/2019
Holdings
Withdrawn status Lost status Source of classification or shelving scheme Damaged status Not for loan Collection code Home library Current library Shelving location Date acquired Source of acquisition Cost, normal purchase price Total Checkouts Total Renewals Full call number Barcode Date last seen Date checked out Cost, replacement price Price effective from Koha item type
    Dewey Decimal Classification     Movies Wasatch County Library Wasatch County Library Audio Visual Area 01/25/2012   29.99 41 4 DVD Tem 34301001059122 01/23/2025 01/11/2025 29.99 03/20/2020 DVD
This project was made possible through a grant from the Institute of Museum and Library Service administered by the Utah State Library Division.

Wasatch County Library

  • 465 East 1200 South, Heber City, Utah 84032
  • Phone 435-654-1511 | Fax 435-654-6456

Hours

  • Monday - Friday 9:30 AM - 8:00 PM
  • Saturday 9:30 AM - 1:30 PM
  • Closed Sundays and Holidays